Nalaganje...

Indias food problem a new approach

Bibliografske podrobnosti
Glavni avtor: Ramachandran, L
Format: Printed Book
Jezik:Undetermined
English
Izdano: New Delhi Allied publishers Pvt Ltd 1977
Teme:
LEADER 00564nam a2200169Ia 4500
008 140306s9999 xx 000 0 und d
041 |a eng 
082 |a 338.1  |b RAM/IN 
100 |a Ramachandran, L 
245 |a Indias food problem a new approach 
260 |a New Delhi  |b Allied publishers Pvt Ltd  |c 1977 
300 |a 272 
650 |a Agricultural economics 
650 |a Food grains 
942 |2 ddc  |c BK 
999 |c 108645  |d 108645 
952 |0 0  |1 0  |2 ddc  |4 0  |6 338_100000000000000_RAMIN  |7 0  |9 106009  |a KAUHCV  |b KAUHCV  |d 2004-03-22  |o 338.1 RAM/IN  |p KAU_HCV-3906  |r 2014-03-22  |w 2014-03-22  |y BK